| 000 | 00631nam a2200217 u 4500 | ||
|---|---|---|---|
| 005 | 20220902233034.0 | ||
| 008 | 100810m19962008ch r 000 0 spa d | ||
| 020 | _a9567083052 | ||
| 035 | _aUPN01000177275 | ||
| 049 | _aCG | ||
| 050 | 4 |
_aPQ8098.28 O3 _bA5.7 1996 |
|
| 100 | 1 | _aRojas, Gonzalo | |
| 245 | 1 | 0 |
_aAntología de aire / _cGonzalo Rojas ; selec. de textos Hilda R. May ; pról. Eduardo Milán. |
| 250 | _a2a ed. | ||
| 260 |
_aSantiago de Chile : _bFCE, _c1996 (2008 impr.). |
||
| 300 | _a291 p. | ||
| 440 | 0 | _aTierra firme | |
| 650 | 0 |
_aPoesía chilena _91228 |
|
| 700 | 1 |
_aMay, Hilda R., _ecomp. |
|
| 905 | _aLibro | ||
| 999 |
_c149378 _d149378 |
||